Hotelska kuc'a '98 hotel u turističkoj destinaciji

Enregistré dans:
Détails bibliographiques
Format: Livre
Langue:croate
anglais
Publié: Rijeka Sveučilište u Rijeci 1998
Sujets:
Tags: Ajouter un tag
Pas de tags, Soyez le premier à ajouter un tag!

MARC

LEADER 00000nam a2200000 4500
001 c119817
005 20240104114509.2
022 |a 0352-0242 
041 0 |a hrv 
041 0 |a eng 
044 |a HR 
245 1 0 |a Hotelska kuc'a '98  |b hotel u turističkoj destinaciji 
264 1 |a Rijeka  |b Sveučilište u Rijeci  |c 1998 
300 |a 492 s. 
610 2 0 |a ruch cestovný 
610 2 0 |a hotelierstvo 
610 2 0 |a hotely 
610 2 0 |a turistika 
610 2 0 |a Juhoslávia 
610 2 0 |a Chorvátsko 
610 2 0 |a Európa 
610 2 0 |a ukazovatele štatistické